Španielske kráľovstvo História a súčasnosť španielskej meny

Atlas peňazí sveta. Charakteristika Španielskeho kráľovstva: štátne zriadenie, prírodné podmienky, hospodárstvo, menové informácie, história, história meny, motívy španielskych bankoviek.

Guardado en:
Detalles Bibliográficos
Autor principal: Schlosser, Gabriel
Formato: Capítulo de libro
Lenguaje:eslovaco
Materias:
Etiquetas: Agregar Etiqueta
Sin Etiquetas, Sea el primero en etiquetar este registro!

MARC

LEADER 00000naa a2200000 4500
001 r021459
005 20221205114717.9
041 0 |a slo 
044 |a SK 
245 1 0 |a Španielske kráľovstvo  |b História a súčasnosť španielskej meny  |c Gabriel Schlosser 
520 |a Atlas peňazí sveta. Charakteristika Španielskeho kráľovstva: štátne zriadenie, prírodné podmienky, hospodárstvo, menové informácie, história, história meny, motívy španielskych bankoviek. 
610 2 0 |a mena 
610 2 0 |a Španielsko 
610 2 0 |a história 
610 2 0 |a štát 
610 2 0 |a podmienky prírodné 
610 2 0 |a hospodárstvo národné 
610 2 0 |a bankovky 
610 2 0 |a mince 
610 2 0 |a peniaze 
610 2 0 |a peseta 
100 1 |a Schlosser, Gabriel